000 00555nam a2200217Ia 4500
003 OSt
005 20220928143051.0
006 a|||||r|||| 00| 0
007 ta
008 220927b |||||||| |||| 00| 0 eng d
024 _a20909
037 _cTextual
040 _aSDCL
_cSDCL
_beng
041 _2eng
_aeng
082 _aO152,2:g(Y), L4
100 _aJha Sitaram
_9504490
245 0 _aHindi natak
_b Samaajsastriye adhyana.
260 _c1974
942 _hO152,2:g(Y), L4
_cTEXL
_2CC
999 _c822998
_d822998